100 Tiny Famous Faces Quiz Stats

 Plays Quiz Updated Jun 3, 2014

Challenge
Share
Tweet
Score 0/100 Timer 15:00
0 Plays Today
% Correct
JFK
95.8%
Tiger Woods
87.7%
Hillary Clinton
84.4%
S. Stallone
80.9%
E. Degeneres
79.1%
L. Armstrong
77.5%
Mother Teresa
77.4%
Prince
74.9%
Chuck Norris
72.7%
Paris Hilton
72.6%
Tina Fey
70.1%
Kevin Bacon
69.7%
Madonna
68.4%
Col. Sanders
67.7%
Steven Tyler
66.6%
N.P. Harris
66.1%
Joan Rivers
65.1%
M. Thatcher
64.7%
S. Hawking
64%
Psy
63.6%
Emma Watson
63.1%
Selena Gomez
62%
C. Rice
61.5%
Lucille Ball
60.7%
Bruce Lee
60.1%
Mike Myers
60%
Sean Connery
59.1%
John Candy
58.4%
Mao Zedong
58.3%
Tupac Shakur
57.3%
Vladimir Putin
56.9%
Amelia Earhart
56.1%
Kate Middleton
55.1%
R. Atkinson
54.7%
% Correct
Bob Dylan
52.4%
André the Giant
52%
A. Thompson
50.7%
Michael Phelps
50%
Henry Winkler
49.9%
Julie Andrews
49.9%
Buzz Aldrin
49.5%
Carrot Top
48.3%
Phil Collins
47.5%
Andy Warhol
47.5%
Usain Bolt
46.5%
Steve Irwin
45.1%
L. Pavarotti
45%
Jennifer Lopez
44.8%
Clark Gable
44.7%
Walt Disney
44.4%
Andy Griffith
44.3%
Leonard Nimoy
44.2%
Heidi Klum
44%
Billy Idol
42.9%
Che Guevara
42.7%
Fred Astaire
42.1%
Ron Jeremy
42%
Salvador Dalí
39%
S. Williams
38.8%
Steve Buscemi
37.6%
Tonya Harding
36.4%
Jimmy Fallon
36.2%
Janet Reno
35.3%
Grace Kelly
34.3%
Tim Burton
33.7%
Rick James
33.3%
Magic Johnson
32.7%
Nick Nolte
31.4%
% Correct
Diane Sawyer
29.3%
K. Kardashian
27.9%
Mia Hamm
27.9%
Wayne Gretzky
27.4%
Eugene Levy
27.3%
JK Rowling
26.9%
Jessica Alba
26.5%
S. Macfarlane
26.3%
Brian May
25.9%
Billie Jean King
25.5%
Pelé
23.5%
Jane Seymour
23.4%
Ernest Borgnine
20.4%
Eli Manning
19.3%
Yanni
19.3%
Harry Houdini
18.9%
Orson Welles
18.4%
Angus Young
18.3%
Dame Edna
17.8%
Elvis Costello
17.7%
Claire Danes
17.1%
Nancy Sinatra
15.8%
E.Hemingway
15.7%
Kristen Wiig
15.4%
Indira Gandhi
14.8%
Ban Ki-Moon
12.7%
Nicolas Sarkozy
11.5%
Lee Majors
10.4%
Joni Mitchell
10.3%
Brigitte Bardot
9.1%
Peter Gabriel
6.4%
Douglas Adams
3.6%

You're not logged in!

Compare scores with friends on all Sporcle quizzes.
OR
Log In

You Might Also Like...

Show Comments

Extras

Top Quizzes Today


Score Distribution

Your Account Isn't Verified!

In order to create a playlist on Sporcle, you need to verify the email address you used during registration. Go to your Sporcle Settings to finish the process.

Report this User

Report this user for behavior that violates our Community Guidelines.

Details: